Evaluating Employee Performance / (Record no. 594205)

000 -LEADER
fixed length control field 00354nam a22001337a 4500
020 ## - INTERNATIONAL STANDARD BOOK NUMBER
International Standard Book Number 817544116X
082 ## - DEWEY DECIMAL CLASSIFICATION NUMBER
Classification number 658.3125
Author Mark JER
100 ## - MAIN ENTRY--PERSONAL NAME
Personal name Jerome, Paul J.
245 ## - TITLE STATEMENT
Title Evaluating Employee Performance /
Statement of responsibility, etc. Paul J. Jerome
260 ## - PUBLICATION, DISTRIBUTION, ETC.
Place of publication, distribution, etc. New Delhi :
Name of publisher, distributor, etc. Wheeler Publishing,
Date of publication, distribution, etc. 1997.
300 ## - PHYSICAL DESCRIPTION
Extent 124 p. ;
Dimensions 24 cm.
563 ## - BINDING INFORMATION
Binding note PBK.
942 ## - ADDED ENTRY ELEMENTS (KOHA)
Source of classification or shelving scheme
Koha item type Book
Holdings
Withdrawn status Lost status Source of classification or shelving scheme Damaged status Not for loan Permanent Location Current Location Shelving location Date acquired Source of acquisition Total Checkouts Full call number Barcode Date last seen Price effective from Koha item type
          Central Library (CL) Central Library (CL) Management Sciences 03/24/2023 Multi Line Books   658.3125 JER CL-1422 03/24/2023 03/24/2023 Book
© 2023 Central Library, National University of Sciences and Technology. All Rights Reserved.